Ekstraklasa- ogólny quiz - Statystyki

Ogólne statystyki
  • Ten quiz został rozwiązany 132 razy
  • Średni wynik to 7 z 15
Statystyki odpowiedzi
Zagadnienie Odpowiedź % Poprawnych
Jaki jest przydomek Radomiaka Radom? Warchoły
80%
W 23 kolejce sezonu 2013/14, Marcin Robak strzelił 5 bramek Lechowi Poznań. W jakim klubie wtedy występował? Pogoń Szczecin
76%
Jak nazywał się klub z Dębicy, który grał w Ekstraklasie? Igloopol
73%
Z kim nie przyjaźnią się kibice Arki Gdynia? Z Jagiellonią
69%
W przedostatniej kolejce sezonu 2009/10 podczas derbów Krakowa, w ostatniej akcji meczu, obrońca Wisły Kraków, Mariusz Jop strzelił bramkę samobójczą (na miniaturce quizu) Po tym golu Wisła straciła prowadzenie w tabeli na rzecz innej drużyny, która później zdobyła mistrzostwo. O jakiej drużynie mowa? Lech Poznań
66%
Nieznani Sprawcy to nazwa grupy ultrasów jakiej drużyny? Legii Warszawa
57%
Jaki zawodnik zaliczył najwięcej występów w Ekstraklasie? Łukasz Surma
57%
Który z tych klubów grał w Ekstraklasie? Świt Nowy Dwór Mazowiecki
49%
W jakim sezonie Bruk- Bet Termalica Nieciecza zadebiutowała w Ekstraklasie, stając się klubem z najmniejszej miejscowości w tych rozgrywkach w historii? 2015/16
48%
Jakiego klubu trenerem nie był Jacek Zieliński? Podbeskidzia Bielsko- Biała
41%
Kto jest najstarszym strzelcem gola w Ekstraklasie? Piotr Reiss
38%
Jaki był pierwszy sponsor tytularny Ekstraklasy? Idea
24%
Jaki zespół zdobył mistrzostwo Polski w sezonie 1990/91? Zagłębie Lubin
24%
Jaki zespół grający kiedykolwiek w Ekstraklasie zdobył w niej najmniej punktów? Union- Touring Łódź
21%
W przedostatniej kolejce sezonu 1996/97 spotkały się walczące o tytuł Legia Warszawa i Widzew Łódź. Widzew wygrał 3:2, wszystkie bramki strzelając w końcówce spotkania, dzięki czemu został mistrzem Polski. Do której minuty łodzianie przegrywali 0:2? Do 88 minuty
17%
Nie znaleziono quizów pasujących do podanych kryteriów
Rozkład punktacji
Procent ludzi z każdym wynikiem
Percentyl według liczby udzielonych odpowiedzi
Twoja historia wyników
Nie rozwiązałeś tego quizu